[Event "VIE Cup"]
[Site "Bac Giang"]
[Date "2018.06.04"]
[Round "8"]
[White "Le, Minh Kha"]
[Black "Vuong, Hong Cuong"]
[Result "1-0"]
[WhiteElo "1923"]
[BlackElo "1893"]
[PlyCount "89"]
[EventDate "2018.05.30"]
[EventType "swiss"]
[EventRounds "9"]
[EventCountry "VIE"]
[SourceTitle "CBM 184 Extra"]
[Source "ChessBase"]
[SourceDate "2018.06.28"]
[SourceVersion "1"]
[SourceVersionDate "2018.06.28"]
[SourceQuality "1"]

1. e4 c5 2. Nf3 Nc6 3. d4 cxd4 4. Nxd4 e5 5. Nb3 Nf6 6. Nc3 Bb4 7. f3 Nxe4 8. Bd2 Nf6 9. Bd3 0-0 10. Qe2 Nd4 11. Nxd4 exd4 12. Ne4 Bxd2+ 13. Qxd2 Nxe4 14. fxe4 Qh4+ 15. g3 Qg4 16. 0-0 d6 17. Rf4 Qg5 18. Raf1 Qe5 19. Bc4 Be6 20. Qe2 Rac8 21. Bd3 f6 22. Rh4 g6 23. a3 b6 24. Qd2 Qg5 25. Rhf4 Kg7 26. Qb4 Qe5 27. R4f2 Bh3 28. Rd1 h5 29. Ba6 Qxe4 30. Bxc8 Rxc8 31. Qxd4 Qxd4 32. Rxd4 Rc6 33. c3 a5 34. Rfd2 d5 35. Rxd5 Kf7 36. Kf2 Ke6 37. Ke3 Bf1 38. h4 Bg2 39. R5d4 Bh3 40. Kf4 Bf5 41. Rd5 Rc4+ 42. R2d4 Rc6 43. Rb5 Bg4 44. Rd8 Be2 45. Re8+ 1-0

[Event "VIE Cup"]
[Site "Bac Giang"]
[Date "2018.05.31"]
[Round "2"]
[White "Dang, Ngoc Minh"]
[Black "Vuong, Hong Cuong"]
[Result "1/2-1/2"]
[WhiteElo "1927"]
[BlackElo "1893"]
[PlyCount "38"]
[EventDate "2018.05.30"]
[EventType "swiss"]
[EventRounds "9"]
[EventCountry "VIE"]
[SourceTitle "CBM 184 Extra"]
[Source "ChessBase"]
[SourceDate "2018.06.28"]
[SourceVersion "1"]
[SourceVersionDate "2018.06.28"]
[SourceQuality "1"]

1. e4 c5 2. Nc3 e5 3. g3 Nf6 4. Bg2 Nc6 5. d3 d6 6. f4 g6 7. Nf3 Bg4 8. 0-0 Nd4 9. Be3 Bh6 10. Kh1 Nh5 11. Nd5 Nxf4 12. gxf4 exf4 13. Bxf4 Bxf4 14. Nxf4 h5 15. h3 Bxf3 16. Bxf3 Nxf3 17. Qxf3 Qd7 18. Nd5 0-0-0 19. Qxf7 Qxh3+ 1/2-1/2